|
|
|
|
| LEADER |
00855nam a2200253 a 4500 |
| 001 |
15015401 |
| 008 |
090718s2005 wyu 000 0 eng d |
| 010 |
|
|
|a 2007937907
|
| 020 |
|
|
|a 8170262070
|
| 040 |
|
|
|a DLC
|c DLC
|
| 082 |
0 |
4 |
|a 823.912
|2 22
|
| 100 |
1 |
|
|a Orwell, George.
|
| 245 |
1 |
0 |
|a Burmese days /
|c George Orwell.
|
| 250 |
|
|
|a 1st ed.
|
| 260 |
|
|
|a New Delhi :
|b Heritage Publishers,
|c 2005.
|
| 300 |
|
|
|a 288 p.;
|c 18 cm.
|
| 541 |
1 |
|
|e 00014141
|
| 650 |
|
0 |
|a British
|z Burma
|v Fiction.
|
| 650 |
|
0 |
|a Physicians
|z Burma
|v Fiction.
|
| 650 |
|
0 |
|a Lumber trade
|z Burma
|v Fiction.
|
| 651 |
|
0 |
|a Burma
|v Fiction.
|
| 852 |
4 |
|
|a Ayesha Abed Library
|j General Shelf.
|
| 999 |
|
|
|c 2757
|d 2757
|
| 952 |
|
|
|0 0
|1 0
|2 ddc
|4 0
|6 823_912000000000000_ORW
|7 0
|9 2532
|a BRACUL
|b BRACUL
|c GEN
|d 2009-07-23
|g 120.00
|l 8
|m 25
|o 823.912 ORW
|p 3010014241
|r 2026-02-22
|s 2026-02-17
|t 1
|w 2009-07-23
|y BK
|